Countries by Google Maps Description #1 - Statistics

General Stats
  • This quiz has been taken 37 times
  • The average score is 8 of 10
Answer Stats
Description Country % Correct
The capital is the birthplace of writers like Oscar Wilde, and home of Guinness beer. The 9th-century Book of Kells and other illustrated manuscripts are on show in the capital's Trinity College Library. Dubbed the "Emerald Isle” for its lush landscape, the country is dotted with castles like medieval Cahir Castle. Ireland
100%
_____ is a country in South America, with a varied terrain spanning Andes Mountains, the Atacama Desert and Amazon Basin rainforest. At more than 3,500m, its capital sits on the Andes’ Altiplano plateau with snow-capped Mt. Illimani in the background. Nearby is glass-smooth Lake Titicaca, the continent’s largest lake. Bolivia
86%
_____, a Middle Eastern country, is regarded by Jews, Christians and Muslims as the biblical Holy Land. Its most sacred sites are in its capital. Within its Old City, the Temple Mount complex includes the Dome of the Rock shrine, the historic Western Wall, Al-Aqsa Mosque and the Church of the Holy Sepulchre. Its financial hub, Tel Aviv, is known for its Bauhaus architecture and beaches. Israel
86%
______, a Central American country, is home to volcanoes, rainforests and ancient Mayan sites. The capital features the stately National Palace of Culture and the National Museum of Archaeology and Ethnology. Antigua, west of the capital, contains preserved Spanish colonial buildings. Lake Atitlán, formed in a massive volcanic crater, is surrounded by coffee fields and villages. Guatemala
79%
_____, a Caribbean island nation, has a lush topography of mountains, rainforests and reef-lined beaches. Many of its all-inclusive resorts are clustered in Montego Bay, with its British-colonial architecture, and Negril, known for its diving and snorkeling sites. _____ is famed as the birthplace of reggae music, and its capital is home to the Bob Marley Museum, dedicated to the famous singer. Jamaica
79%
______ is a European country. Its location on the Atlantic Ocean has influenced many aspects of its culture: salt cod and grilled sardines are national dishes, the Algarve's beaches are a major destination and much of the nation’s architecture dates to the 1500s–1800s, when it had a powerful maritime empire. Portugal
79%
______ is known for tropical beaches, opulent royal palaces, ancient ruins and ornate temples displaying figures of Buddha. In the capital, an ultramodern cityscape rises next to quiet canalside communities and the iconic temples of Wat Arun, Wat Pho and the Emerald Buddha Temple (Wat Phra Kaew). Nearby beach resorts include bustling Pattaya and fashionable Hua Hin. Thailand
76%
______, a landlocked country in Southern Africa, has a landscape defined by the Kalahari Desert and the Okavango Delta, which becomes a lush animal habitat during the seasonal floods. The massive Central Kalahari Game Reserve, with its fossilized river valleys and undulating grasslands, is home to numerous animals including giraffes, cheetahs, hyenas and wild dogs. Botswana
69%
_____ is a landlocked country in West Africa. _____ is the eighth-largest country in Africa, with an area of over 1,240,000 square kilometres. The population is 21.9 million. 67% of its population was estimated to be under the age of 25 in 2017. Mali
66%
________ is a country in Central Asia bordered by the Caspian Sea and largely covered by the Karakum Desert. It’s known for archaeological ruins including those at Nisa and Merv, major stops along the ancient trade route the Silk Road. The capital, was rebuilt in Soviet style in the mid-20th century and is filled with grand monuments honoring former president Saparmurat Niyazov. Turkmenistan
66%
No matching quizzes found
Score Distribution
Percent of People with Each Score
Percentile by Number Answered
Your Score History
You have not taken this quiz